000 02439nam a2200493 c 4500
999 _c100042
_d100042
003 BLK
005 20231205105318.0
008 180409b bul|||||r ||||||| ||bul||
010 _aKNG00105060000
020 _a954-8190-29-Х
040 _aBLK
041 _aBUL
_cBUL
_hDEU
072 7 _2bullib
_aК
_xКраезнание
080 _aСпециални образователни средни училища - Училища с засилено изучаване на класически езици, на математика и естествени науки и др.
_b373.52
_x(497.215)(091)(063)
_z373.52(497.215)(091)(063)
080 _aЦивилизация. Култура. Прогрес. История на културата вж 930.85
_b008
_x(497.215)(091)(063)
_z008(497.215)(091)(063)
080 _aЦивилизация. Култура. Прогрес. История на културата вж 930.85
_b008
_x(497.2:430)(091)(063)
_z008(497.2:430)(091)(063)
139 _aНемското присъствие в гр. Русе от средата на ХІХ век до наши дни
_bН 53
245 1 0 _aНемското присъствие в гр. Русе от средата на ХІХ век до наши дни
_bСб. със съобщения от кръглата маса, състояла се на 10.05.2003 г.
257 _aBGR
260 _bЛени-Ан
_c2003
300 _a77 с.
_c20 см
380 _a3
500 _aКн. се посвещава на 120-год. от създаването на Deutsche Schule - Русе. - Офс. изд.
650 4 _aСредни училища - България - Русе
_9279831
650 4 _aРусе - култура
_9251541
650 4 _aБългаро-германски културни отношения
_9278917
651 4 _aРусе
_9179462
651 4 _aБългария
_9241624
651 4 _aГермания
_9178754
653 _aДойче шуле
653 _aсредни училища
653 _aкултура
653 _aистория
653 _aнемски училища
659 _aК
852 _aЦб 214166
852 _aК 373.5/Н 53
856 4 _qpdf
856 4 _qpdf
942 _cKNG
_n0
_03
_s1
944 _aCR
_c01.01.2003
_lЦветелина Шанова
_k30531
944 _aED
_c04.05.2015
_lф /
_kВаля_Йорданова
999 _d100042